Housing co-operatives in developing countries (Record no. 76349)

MARC details
000 -LEADER
fixed length control field 01093nam a2200217 a 4500
008 - FIXED-LENGTH DATA ELEMENTS--GENERAL INFORMATION
fixed length control field 120416s1981 ||||||||||||||||| || u
020 ## - INTERNATIONAL STANDARD BOOK NUMBER
International Standard Book Number 047127819x
050 ## - LIBRARY OF CONGRESS CALL NUMBER
Classification number HD 7287.7 Lew
100 ## - MAIN ENTRY--PERSONAL NAME
Personal name Lewin, A. C
245 10 - TITLE STATEMENT
Title Housing co-operatives in developing countries
246 ## -
-- a manual for self-help in low-cost housing schemes
260 ## - PUBLICATION, DISTRIBUTION, ETC.
Place of publication, distribution, etc. Chichester
Name of publisher, distributor, etc. John Wiley and Sons
Date of publication, distribution, etc. 1981
300 ## - PHYSICAL DESCRIPTION
Extent xv, 170 pages : illustrations
350 ## -
-- 0.00
650 ## - SUBJECT ADDED ENTRY--TOPICAL TERM
Topical term or geographic name entry element HOUSING, COOPERATIVE--DEVELOPING COUNTRIES
650 ## - SUBJECT ADDED ENTRY--TOPICAL TERM
Topical term or geographic name entry element HOUSING, COOPERATIVE--AFRICA, SUB-SAHARAN
650 ## - SUBJECT ADDED ENTRY--TOPICAL TERM
Topical term or geographic name entry element HOUSING
995 ## -
-- MAIN LIBRARY OPEN ACCESS
-- 0.00
-- 707198
-- CBU-MAIN LIBRARY (Kitwe)
-- 2
-- 17.55
-- HD 7287.7 Lew
-- 2
-- AVAILABLE
-- Jun 29, 2006
-- 004361
-- Main Library Open Access Collection
995 ## -
-- MAIN LIBRARY OPEN ACCESS
-- 0.00
-- 708237
-- CBU-MAIN LIBRARY (Kitwe)
-- 1
-- 17.55
-- HD 7287.7 Lew
-- 1
-- AVAILABLE
-- 004360
-- Main Library Open Access Collection
995 ## -
-- MAIN LIBRARY OPEN ACCESS
-- 0.00
-- 708238
-- CBU-MAIN LIBRARY (Kitwe)
-- 3
-- 17.55
-- HD 7287.7 Lew
-- 3
-- AVAILABLE
-- 004359
-- Main Library Open Access Collection
999 ## -
-- 76349
-- 76349
Holdings
Withdrawn status Lost status Source of classification or shelving scheme Damaged status Not for loan Permanent Location Current Location Shelving location Date acquired Total Checkouts Full call number Barcode Date last seen Copy number Price effective from Koha item type
          CBU-MAIN LIBRARY, KITWE. CBU-MAIN LIBRARY, KITWE.   04/25/2023   HD 7287.7 Lew 004361 04/25/2023 1 04/25/2023 MONOGRAPH
          CBU-MAIN LIBRARY, KITWE. CBU-MAIN LIBRARY, KITWE.   04/25/2023   HD 7287.7 Lew 004360 04/25/2023 2 04/25/2023 MONOGRAPH
          CBU-MAIN LIBRARY, KITWE. CBU-MAIN LIBRARY, KITWE.   04/25/2023   HD 7287.7 Lew 004359 04/25/2023 3 04/25/2023 MONOGRAPH